Central Library OPAC University of Rajshahi

সূর্য-দীঘল বাড়ী / (Record no. 49615)

MARC details
000 -LEADER
fixed length control field 00760nam a2200229 a 4500
001 - CONTROL NUMBER
control field 49615
003 - CONTROL NUMBER IDENTIFIER
rucl marc code BD-RjUL
005 - DATE AND TIME OF LATEST TRANSACTION
control field 20211209054713.0
008 - FIXED-LENGTH DATA ELEMENTS--GENERAL INFORMATION
fixed length control field 160822s1955 bg ||||| |||| 00| 0 ben d
020 ## - INTERNATIONAL STANDARD BOOK NUMBER
Terms of availability : TK 2.75
035 ## - SYSTEM CONTROL NUMBER
System control number (BD-RjUL)49734
040 ## - CATALOGING SOURCE
Original cataloging agency BD-RjUL
Language of cataloging ben
Transcribing agency BD-RjUL
041 ## - LANGUAGE CODE
Language code of text/sound track or separate title ben
082 ## - DEWEY DECIMAL CLASSIFICATION NUMBER
Edition number 23
Classification number 891.443
Author mark and year ISS 1955
100 1# - MAIN ENTRY--PERSONAL NAME
Personal name ইসহাক, আবু
9 (RLIN) 125879
245 10 - TITLE STATEMENT
Title সূর্য-দীঘল বাড়ী /
Statement of responsibility, etc. আবু ইসহাক
260 ## - PUBLICATION, DISTRIBUTION, ETC. (IMPRINT)
Place of publication, distribution, etc. ঢাকা :
Name of publisher, distributor, etc. নবযুগ প্রকাশনী,
Date of publication, distribution, etc. ১৯৫৫
300 ## - PHYSICAL DESCRIPTION
Pagination [৪], ১৮৪ পৃ. ;
Size ১৭ সেমি.
650 ## - SUBJECT ADDED ENTRY--TOPICAL TERM
Topical term or geographic name as entry element বাংলা উপন্যাস
9 (RLIN) 125880
Topical term or geographic name as entry element Bengali Fiction
9 (RLIN) 125881
942 ## - ADDED ENTRY ELEMENTS (KOHA)
Source of classification or shelving scheme Dewey Decimal Classification
Koha item type Books
Holdings
Lost status Source of classification or shelving scheme Damaged status Not for loan Collection code Permanent Location Current Location Shelving location Date acquired Source of acquisition Cost, normal purchase price Total Checkouts Full call number Date last seen Date checked out Copy number Koha item type
  Dewey Decimal Classification     Fiction Central Library, University of Rajshahi Central Library, University of Rajshahi   05/07/1957 Nawroge 2.75 1 B 891.443 ISS 1955 12/05/2026 26/04/2026 C-2 Books
  Dewey Decimal Classification   Not For Loan Fiction Central Library, University of Rajshahi Central Library, University of Rajshahi Reading Room 12/02/1957 Faruk Library, Rajshahi 2.12   B 891.443 ISS 1955 29/01/2017   C-1 Books